Phân lập, tuyển chọn và nghiên cứu ứng dụng một số chủng nấm mốc có hoạt tính Proteaza từ đất và nước thải lò mổ gia súc tại xã Đại Hiệp - Đại Lộc - Quảng Nam
Tổng quan tài liệu: Nấm mốc. Enzim proteaza. Vai trò của vi sinh vật trong quá trình xử lý sinh học nước thải...Đối tượng và phương pháp nghiên cứu. Kết quả và biện luận
שמור ב:
| מחבר ראשי: | |
|---|---|
| מחברים אחרים: | |
| פורמט: | ספר |
| שפה: | Vietnamese |
| יצא לאור: |
Đà Nẵng
Đại học Sư phạm
2010
|
| נושאים: | |
| תגים: |
הוספת תג
אין תגיות, היה/י הראשונ/ה לתייג את הרשומה!
|
| Thư viện lưu trữ: | Mạng thư viện Đại học Đà Nẵng |
|---|
| LEADER | 01682nam a2200361 4500 | ||
|---|---|---|---|
| 001 | 000012496 | ||
| 003 | 8799 | ||
| 005 | 20120221090252.0 | ||
| 008 | 120221s2010 viesd | ||
| 041 | |a vie | ||
| 072 | |a Khóa luận tốt nghiệp | ||
| 082 | |a 579.5 |b ĐO-H | ||
| 100 | |a Đỗ, Đức Hạnh |e Tác giả | ||
| 245 | |a Phân lập, tuyển chọn và nghiên cứu ứng dụng một số chủng nấm mốc có hoạt tính Proteaza từ đất và nước thải lò mổ gia súc tại xã Đại Hiệp - Đại Lộc - Quảng Nam |c Đỗ Đức Hạnh | ||
| 260 | |a Đà Nẵng |b Đại học Sư phạm |c 2010 | ||
| 300 | |a 50 tr. |b Hình ảnh |c 29 cm | ||
| 500 | |a Khóa luận tốt nghiệp khoa Sinh - Môi trường | ||
| 520 | |a Tổng quan tài liệu: Nấm mốc. Enzim proteaza. Vai trò của vi sinh vật trong quá trình xử lý sinh học nước thải...Đối tượng và phương pháp nghiên cứu. Kết quả và biện luận | ||
| 653 | |a Chủng nấm mốc | ||
| 653 | |a Hoạt tính Proteaza | ||
| 653 | |a Nước thải lò mổ gia súc | ||
| 653 | |a Đại Hiệp - Đại Lộc - Quảng Nam | ||
| 700 | |a Đỗ Thu Hà |c T.S |e Hướng dẫn | ||
| OWN | |a LSP | ||
| AVA | |a UDN50 |b LSP |d 579.5 ĐO-H |e available |t Error 5001 Not defined in file expand_doc_bib_avail. |f 1 |g 0 |h N |i 0 |k 1 | ||
| 999 | |a From the UDN01 | ||
| AVA | |a UDN50 |b LSP |d 579.5 ĐO-H |e available |t Error 5001 Not defined in file expand_doc_bib_avail. |f 1 |g 0 |h N |i 0 |k 1 | ||
| TYP | |a Monograph | ||
| TYP | |a Printed language | ||
| 980 | |a Mạng thư viện Đại học Đà Nẵng | ||